000 01595nam a2200229 a 4500
001 BS0002396
003 BR-BrBNA
005 20230418192023.0
008 230308b |||||||| |||| 00| 0 por d
040 _aBR-BrBNA
_bpor
_cBiblioteca Nacional de Agricultura
041 _apor
072 _aB60
090 _aB60 BS0002396
100 1 _aMacdonald, F.
245 1 _aAlbert Einstein /
260 3 _aSão Paulo, SP:
_bGlobo,
_c1993.
300 _a63 p.
520 3 _aAlbert Einstein foi um dos mais famosos cientistas que já viveram. Apesar disso, durante a maior parte de sua vida, somente algumas pessoas compreenderam as descobertas do grande físico. Hoje, a situação é diferente. A Teoria da Relatividade - grande obra de Einstein - é familiar a professores e estudantes nas universidades de todo o mundo. As revelações de Einstein no campo da física teórica promoveram grandes avanços em nossa compreensão sobre a estrutura do universo, como se originou e como pode acabar. Nos ensinaram a medida do tempo e do espaço, de uma nova maneira - surpreendente e quase assustadora. Einstein foi um gênio da ciência, com teorias capazes de modificar nossa concepção do mundo. Mas ele demonstrou que para o cientista não basta se isolar numa "torre de marfim", mas sim assumir a responsabilidade pelas consequências de suas descobertas. Seu trabalho, sua vida e personalidade conquistaram a imaginação pública. Albert Einstein foi uma inspiração para milhões de pessoas em todo o mundo.
650 _aBIOGRAFIA
909 _a202304
_bSergio Santos
_c56
_dSergio Santos
942 _cBK
999 _c7455
_d7455